000 00831nam a2200229 a 4500
005 20251023063915.0
008 020516s1992 es r 000 0 spa d
020 _a8433105469
035 _aUPN01000117330
049 _aCG
050 4 _aLB1725 E5
_bD5.7
245 0 3 _aLa dirección escolar :
_bformación y puesta al día /
_ccoord. Manuel Alvarez Fernández ; colab. Nuria Burrell ... [et al.].
260 _aMadrid :
_bEscuela Española,
_c1992.
300 _a327 p.
500 _a"Forum Europeo de Administradores de la Educación"
650 4 _aMAESTROS EN SERVICIO, FORMACION DE -
_zESPAÑA
_9878
650 4 _aAdministración educativa
_9498
650 4 _aEscuelas
_xDirección y organización
_9346
700 1 _aAlvarez Fernández, Manuel,
_d1942-
_ecoord.
_930715
700 1 _aBurrell, Nuria,
_ecolab.
905 _aLibro
999 _c89867
_d89867